| 000 | 01047nam a22002415i 4500 | ||
|---|---|---|---|
| 001 | 163196 | ||
| 003 | ES-MaACL | ||
| 005 | 20230906212707.0 | ||
| 008 | 990726s1870 sp a |||| | spa d | ||
| 040 |
_aAN _bspa _cAN |
||
| 100 | 1 |
_aReid, Mayne ( _d1818-1883) _995977 |
|
| 245 | 1 | 3 |
_aLa granja del desierto ó Aventuras de una familia perdida en las soledades de América / _cescrito en ingles por el Capitan Mayne-Reid ; traducción española de A.R.F. |
| 250 | _aEd. il. con grab. | ||
| 260 |
_aMadrid : _bImprenta de Gaspar y Roig, editores, _c1870. |
||
| 300 |
_a74 p. : _bil. ; _c25 cm. |
||
| 490 | 1 | _aBiblioteca ilustrada de Gaspar y Roig | |
| 594 | 1 | _aPrecede al tí.: "Aventuras de mar y tierra" | |
| 740 | 0 | _aAventuras de una familia perdida en las soledades de América. | |
| 830 | 0 |
_aBiblioteca ilustrada de Gaspar y Roig _9177255 |
|
| 852 |
_aES-MaACL _jC-1198(11) _z-- Enc. hol. _z-- Legado de M. de la Fuente _q-- Falto de la cub. original _z-- Enc. en un vol. facticio |
||
| 999 |
_c163196 _d163196 |
||